| 000 | 02782cam a2200637 4500 | ||
|---|---|---|---|
| 008 | 030922n2003 000 0 eng u | ||
| 020 | _a1859418430 | ||
| 035 | _a(Sirsi) u123673 | ||
| 041 | _aeng | ||
| 050 |
_a346.4204 _c21 |
||
| 050 |
_a346.04 _c18 |
||
| 245 | _aNew perspectives on property law, human rights and the family home | ||
| 260 |
_aLondon _bCavendish _c2003 |
||
| 300 |
_axvi, 334p. _c24cm. |
||
| 350 | _a33 | ||
| 505 | _aEquity, individualisation and social justice: towards a new law of the home | ||
| 505 | _aFamily law and property law: competing spheres in the regulation of the family home | ||
| 505 | _aRights in the family home - time for a conceptual revolution | ||
| 505 | _aRethinking Rosset from a human rights perspective | ||
| 505 | _aA leonine partnership: marriage, undue influence and the family home | ||
| 505 | _aLand law and the creation of disability | ||
| 505 | _aThe valuation of co-owners' interests in capital and means-tested benefits: half the value or the value of half? | ||
| 505 | _aHuman rights and obligations of confidentiality in the private sphere: "A v B plc" in the Court of Appeal | ||
| 505 | _aState intervention and private property rights in Victorian England | ||
| 505 | _aMissed or misguide? Formality, land contracts and the Statute of Frauds | ||
| 505 | _aLooking at covenants positively, for a change | ||
| 505 | _aHow poor law rights were lost but Victorian values survived: a reconsideration of some of the hidden values of welfare provision | ||
| 505 | _aProperty and obligations: continental and comparative perspectives | ||
| 505 | _aRapporteur's overview: differentiation in property law | ||
| 520 | _aThis collection of essays considers the fundamental concepts of property and obligation in law. The essays are divided into three sections: property and obligations in relation to the family home; communities, human rights and the built environment; and historical and contextual perspectives on private property rights. | ||
| 650 | _aHUMAN RIGHTS | ||
| 650 | _aLAND LAW | ||
| 650 | _aPROPERTY LAW | ||
| 650 | _aHOUSING LAW | ||
| 650 | _aPROPERTY RIGHTS | ||
| 650 | _aFAMILY HOMES | ||
| 690 | _aPROPERTY | ||
| 700 |
_aHudson, Alastair _xEditor |
||
| 700 | _aBarlow, Anne | ||
| 700 | _aBarr, Warren | ||
| 700 | _aChappelle, Diane | ||
| 700 | _aCharlesworth, Lorie | ||
| 700 | _aEdmunds, Rod | ||
| 700 | _aGlover-Thomas, Nicola | ||
| 700 | _aGriffiths, Gerwyn | ||
| 700 | _aHiram, Hilary | ||
| 700 | _aMair, Jane | ||
| 700 | _aLawson, Anna | ||
| 700 | _aPhillipson, Gavin | ||
| 700 | _aProbert, Rebecca | ||
| 700 | _aSamuel, Geoffrey | ||
| 700 | _aStebbings, Chantal | ||
| 700 | _aWikeley, Nick | ||
| 700 | _aWong, Simone | ||
| 942 | _n0 | ||
| 999 |
_c103086 _d103086 |
||